| 000 | 00760nam a2200193 a 4500 | ||
|---|---|---|---|
| 008 | 170518s2016 ||||||||||||||||| || u | ||
| 020 | _a9780323265416 | ||
| 050 | _aRC 76 Jar | ||
| 100 | _aJarvis, Carolyn | ||
| 245 | 1 | 0 |
_aLaboratory manual: plysical examination and health assessment.(7th ed) _cBy Carolyn Jarvis |
| 250 | _a7th ed | ||
| 260 |
_aSt. Louis Missouri _bElsevier _c2016 |
||
| 300 | _avii, 312p.: ill | ||
| 650 | _aMEDICAL HISTORY TAKING --METHODS | ||
| 650 | 0 | _aNURSING ASSESSMENT | |
| 650 | _aPHYSICAL EXAMINATIONS--METHODS | ||
| 650 | 0 | _aPHYSICAL DIAGNOSIS | |
| 995 |
_aMEDICAL LIBRARY OPEN ACCESS _e903971 _FCBU-SCHOOL OF MEDICINE LIBRARY (Ndola) _I48.95 _jRC 76 Jar _M1 _UAVAILABLE _WMay 18, 2017 _y903971 _ZMedical Library Open Access Collection |
||
| 999 |
_c31888 _d31888 |
||